000 00643cam a2200229 4500500
005 20260405002643.0
041 _afre
042 _adc
100 1 0 _aPortevin, Catherine
_eauthor
245 0 0 _aBalance ton poing
260 _c2018.
500 _a1
690 _aAutodéfense
690 _aElsa Dorlin
690 _aÉmancipation
690 _aFemme
690 _aSexualité
690 _aValérie Solanas
690 _aViolence
786 0 _nPhilosophie magazine | 116 | 2 | 2018-02-01 | p. 33-34 | 1951-1787
856 4 1 _uhttps://shs.cairn.info/magazine-philosophie-magazine-2018-2-page-33?lang=fr&redirect-ssocas=7080
999 _c2059727
_d2059727